LEADER 01295nam2 22002891i 450 001 UON00345337 005 20231205104316.778 100 $a20091113g19841985 |0itac50 ba 101 $arum 102 $aRO 105 $a|||| 1|||| 200 1 $aCorespondenta$fDuiliu Zamfirescu$geditie ingrijita, note, comentarii si indice de Al. Sandulescu 210 $aBucuresti$cMinerva$d1984-1985 215 $a2 v.$ctav.$d20 cm. 311 $aVol. 7-8.$9UON00335685 461 0$1001UON00335685$12001 $aOpere$fDuiliu Zamfirescu$gEditie ingrijita, prefata, cronologie, note, glosar, indici si bibliografie de Mihai Gafita$1210 $aBucuresti$cMinerva$d1970-1985$1215 $a8 v.$ctav.$d20 cm.$vVol. 7-8. 620 $aRO$dBucure?ti$3UONL000071 676 $a859$cLetteratura romena e letterature ladine$v21 700 1$aZAMFIRESCU$bDuiliu$3UONV185264$0489251 702 1$aS?NDULESCU$bAlexandru$3UONV185302 712 $aEditura Minerva$3UONV275495$4650 801 $aIT$bSOL$c20240220$gRICA 899 $aSIBA - SISTEMA BIBLIOTECARIO DI ATENEO$2UONSI 912 $aUON00345337 950 $aSIBA - SISTEMA BIBLIOTECARIO DI ATENEO$dSI FONDO ONCIULESCU A 1708/8 $eSI EO 44647 5 1708/8 996 $aCorespondenta$91183393 997 $aUNIOR